000 00849nam a2200277Ia 4500
003 OSt
005 20221007125720.0
006 a|||||r|||| 00| 0
007 ta
008 221006b |||||||| |||| 00| 0 eng d
020 _a8181283406 (pbk)
_cRs.495.00
024 _a76808
037 _b295, 28/02/2007, Ashutosh Technical Books
_cTextbook
040 _aCDL
_cCDL
_beng
041 _2eng
_aeng
082 _aE:3, P0 Carc
100 _aValcarcel Miguel
_9722360
245 0 _aPrinciples of analytical chemistry: a textbook
260 _aBerlin
_bSpringer
_c2000
300 _axv,367p.
_ccm.
500 _aGlossary 345-367p.
650 _a Analytical chemistry
650 _aChemistry
942 _hE:3, P0 Carc
_cTB
_2CC
999 _c1215750
_d1215750